Statistiques concernant Préfectures et sous-préfectures commençant par la lettre G

Cliquez ici pour prendre le quiz!

Statistiques générales

  • Ce quiz a été pris 34 fois
  • Le résultat moyen est 4 sur 7

Statistiques - réponses

Préf/Sous-préf.% Correct
Grenoble
90%
Gap
80%
Guéret
53%
Guingamp
40%
Grasse
37%
Gex
33%
Gourdon
20%

Distribution des résultats

Percentile par nombre de réponses

% des personnes avec chaque résultat

Votre développement - résultats

Vous n’avez pas pris ce quiz